000 00663nam a2200289Ia 4500
005 20260324123426.0
008 008 260324s9999 xx 000 0 eng d
020 _a9780203144664
037 _aEBOOK
040 _aCRL
040 _beng
040 _cCRL
041 _2eng
041 _aeng
084 _qCRL
100 _aTom Lundborg
_91170260
245 0 _aPolitics of the Event
245 0 _bTime, Movement, Becoming
260 _bTaylor and Francis
260 _c2012
365 _a
365 _b255
856 _uhttp://www.taylorfrancis.com/books/9780203144664
942 _cEBOOK
999 _c1763778
_d1763778